Tereny Rzeczpospolitej Obojga Narodów - Statystyki

Ogólne statystyki
  • Ten quiz został rozwiązany 126 razy
  • Średni wynik to 5 z 9
Answers on the Grid
Answers color-coded by a green-red scale on the quiz's grid according to % correct below.
Austria
Białoruś
Czechy
Estonia
Finlandia
Gruzja
Litwa
Łotwa
Mołdawia
Polska
Rosja
Rumunia
Słowacja
Szwecja
Ukraina
Węgry
 
Statystyki odpowiedzi
Odpowiedź % Poprawnych
Cała Białoruś
88%
Zachód i centrum Polska
72%
Cała Litwa
69%
Kaliningrad i tereny przy granicy z Białorusią Rosja
69%
Cała Łotwa
68%
Południe Estonia
57%
Prawie większośc terenów bez części zachodu Ukraina
52%
Małe tereny przy granicy z Ukrainą Mołdawia
44%
Małe tereny przy granicy z Ukrainą Rumunia
30%
Nie znaleziono quizów pasujących do podanych kryteriów
Rozkład punktacji
Procent ludzi z każdym wynikiem
Percentyl według liczby udzielonych odpowiedzi
Twoja historia wyników
Nie rozwiązałeś tego quizu